| 000 | 01069nas a22002297a 4500 | ||
|---|---|---|---|
| 999 |
_c121164 _d121164 |
||
| 001 | K121164 | ||
| 007 | ta | ||
| 008 | 191105b2019 ||||| |||| 00| 0 eng d | ||
| 041 | _aeng | ||
| 100 | _aHepburn, Tom | ||
| 245 | _aReal estate financing in Scotland and England | ||
| 260 | _c2019 | ||
| 490 |
_aEstates Gazette _v(1946) 16 November 2019, 48-50(3) |
||
| 520 | _aThird in a series of four articles looking at the differences between England and Scottish property law. Looks at difference between the two jurisdictions regarding commercial real estate financing including the security package protecting lender against default by borrower. Includes security over real estate, associated contractual rights, bank accounts/cash deposits and shares.. Table lists differences in terminology used. For Part 1 see K121151 and Part 2 see K121161 and Part 4 K121165. | ||
| 650 | _aSecurity | ||
| 650 | _aForfeiture | ||
| 650 | _aRegistratoin | ||
| 651 | _aEngland and Wales | ||
| 651 | _aScotland | ||
| 690 |
_96241 _aFinance & taxation |
||
| 700 | _aDewar, Carolyn | ||